• 首页
  • 本馆介绍
  • 公告通知
  • 最新文献
  • 馆藏检索
  • 电子资源
  • 读者导购
  • 参考咨询
  • 我的图书馆
  • 登录
  • 详细信息显示
  • 放入我的书架
  • 预约/预借图书
  • 作者相关作品
  • 分类相关作品
  • 丛书相关作品
  • 出版社相关作品

书目信息

  • 表格格式
  • 工作单格式
  • 卡片格式
题名:
分配式油泵的构造和使用
    
 
作者: 汪缉熙 著
分册:  
出版信息: 北京   机械工业出版社  1974
页数: 63页
开本: 20cm
丛书名:
单 册:
中图分类: TH38
科图分类:
主题词: 泵--各种用途的
电子资源:
ISBN:
000 00564nam0 2200205 450
001 0634670304
005 20060427083620.35
010    @dCNY0.18
100    @a20060417d1974 km y0chiy0120 ea
101 0  @achi
102    @aCN@b110000
200 1  @a分配式油泵的构造和使用@Afen pei shi you beng de gou zao he shi yong@f汪缉熙著@Fwang ji xi zhu
205    @a新1版
210    @a北京@c机械工业出版社@d1974
215 1  @a63页@d20cm
606 0  @a泵@x各种用途的
690    @aTH38@v4
701  0 @a汪缉熙@Awang ji xi@4著
801  0 @aCN@bPFT@c20060427
905    @a10447@dTH38@e3
    
    分配式油泵的构造和使用/汪缉熙著.-新1版.-北京:机械工业出版社,1974
    63页;20cm
    
    
    ISBN :CNY0.18
    
●
相关链接 在E读中查询图书 在五车中查询图书 在当当中查询图书 在豆瓣中查询图书


正题名:分配式油泵的构造和使用     索取号:TH38/3         预约/预借

序号 登录号 条形码 馆藏地/架位号 状态 备注
1 0017927   202162916   密集书库/ [索取号:TH38/3] 在馆    
2 0017928   202260016   密集书库/ [索取号:TH38/3] 在馆    
3 0017929   202260043   密集书库/ [索取号:TH38/3] 在馆    
唐山师范学院图书馆 欢迎您!
大连网信软件有限公司© 版权所有